000 00936nam a2200241 a 4500
001 38974
003 BD-RjUL
005 20211209052907.0
008 160324c20101989bg |||e |||| 001 0 ben d
020 _a9789848815700
_c: Tk. 230.00
035 _a(BD-RjUL) 39084
040 _aBD-RjUL
_bben
_cBD-RjUL
041 _aben
082 _223
_a305.42095492
_bBEB 2010
100 _aবেগম, মালেকা
_9120329
245 1 0 _aবাংলার নারী আন্দোলন /
_cমালেকা বেগম
260 _aঢাকা :
_bদি ইউনিভার্সিটি প্রেস লিমিটেড,
_c২০০২.
300 _axv, ২০৪ পৃ. ;
_c২৪ সেমি.
500 _aনির্ঘণ্ট সংযুক্ত।
650 _aনারী আন্দোলন
_9120330
_zবাংলাদেশ
650 _aWomen's movement
_9120331
_xBangladesh
942 _2ddc
_cBK
999 _c38974
_d38974